The resurrection of Christ. (Record no. 7614)

000 -LEADER
fixed length control field 00534nam a2200181 a 4500
001 - CONTROL NUMBER
control field :::00005375$&:&@@
003 - CONTROL NUMBER IDENTIFIER
control field OkBaRHE
005 - DATE AND TIME OF LATEST TRANSACTION
control field 20000607103325.0
008 - FIXED-LENGTH DATA ELEMENTS--GENERAL INFORMATION
fixed length control field s1959 j 000 0 eng u
040 ## - CATALOGING SOURCE
Transcribing agency
100 1# - MAIN ENTRY--PERSONAL NAME
Personal name Weatherhead, Leslie D.
245 14 - TITLE STATEMENT
Title The resurrection of Christ.
260 ## - PUBLICATION, DISTRIBUTION, ETC. (IMPRINT)
Place of publication, distribution, etc London, UK:ENG., :
Name of publisher, distributor, etc Hodder & Stoughton
Date of publication, distribution, etc 1959
300 ## - PHYSICAL DESCRIPTION
Extent 92 p.
650 ## - SUBJECT ADDED ENTRY--TOPICAL TERM
Topical term or geographic name as entry element Jesus Christ Resurrection
942 ## - ADDED ENTRY ELEMENTS (KOHA)
Source of classification or shelving scheme
Koha item type Books
Copies
Copy number Lost status Not for loan Koha item type Withdrawn status Date acquired Barcode Full call number Date last seen Permanent Location Source of classification or shelving scheme Damaged status Shelving location Price effective from
1  Books 2010-04-145375BT 481 .W42010-04-14RHEMA Bible Training College  General Stacks2010-04-14